INORGANIC CHEMISTRY (Record no. 9456)
[ view plain ]
| 000 -LEADER | |
|---|---|
| fixed length control field | 01418nam a22001577a 4500 |
| 003 - CONTROL NUMBER IDENTIFIER | |
| control field | SGT |
| 020 ## - INTERNATIONAL STANDARD BOOK NUMBER | |
| International Standard Book Number | 9788121918572 |
| 082 ## - DEWEY DECIMAL CLASSIFICATION NUMBER | |
| Classification number | 546,MAD |
| 100 ## - MAIN ENTRY--PERSONAL NAME | |
| Personal name | MADAN R.L. |
| 245 ## - TITLE STATEMENT | |
| Title | INORGANIC CHEMISTRY |
| 260 ## - PUBLICATION, DISTRIBUTION, ETC. (IMPRINT) | |
| Place of publication, distribution, etc | NEW DELHI |
| Name of publisher, distributor, etc | S.CHAND |
| Year of Publication | 2014 |
| 300 ## - PAGE DESCRIPTION | |
| No. of Pages | 887 |
| 650 ## - SUBJECT ADDED ENTRY--TOPICAL TERM | |
| Topical term or geographic name as entry element | INORGANIC CHEMISTRY |
| 653 ## - KEYWORDS--INDEX TERM | |
| Keyword term | ATOMIC STRUCTURE, IONIC BOND, COVALENT BOND-I, COVALENT BOND-II, PERIODIC CLASSIFICATION OF ELEMENTS, ACIDS AND BASES, METALLURGIES, GENERAL CHARACTERISTICS OF S-AND P-BLOCK ELEMENTS AND THEIR COMPOUNDS, NUCLEAR CHEMISTRY, COMPOUNDS OF BORON AND SILICON, OXIDES AND OXY-ACIDS OF NITROGEN AND PHOSPHORUS, OXIDES AND OXY-ACIDS OF SULPHUR, OXIDES AND OXY-ACIDS OF CHLORINE, SOME MORE COMPOUNDS OF NITROGEN, PHOSPHORUS AND HALOGENS, ORGANOMETALLIC COMPOUNDS, SOME MORE ORGANOMETALLIC COMPOUNDS AND Π-ACID COMPLEXES, THE D-BLOCK ELEMENTS (TRANSITION METALS), SOME IMPORTANT COMPOUNDS OF TRANSITION ELEMENTS, THE F-BLOCK ELEMENTS (LANTHANIDES AND ACTINIDES), NOBLE GASES, COORDINATION COMPOUNDS, SPECTRAL PROPERTIES OF COMPOUNDS, OXIDATION AND REDUCTION (INCLUDING LATIMER FROST DIAGRAMS), CHEMICAL INDUSTRIES, ENVIRONMENTAL CHEMISTRY, NON-AQUEOUS SOLVENTS, QUALITATIVE INORGANIC ANALYSIS, QUANTITATIVE ANALYSIS, INORGANIC POLYMERS, ROLE OF ORGANIC AND INORGANIC REAGENTS IN INORGANIC ANALYSIS, BIOINORGANIC CHEMISTRY, EVALUATION OF ANALYTICAL DATA, VOLUMETRIC ANALYSIS, GRAVIMETRIC ANALYSIS |
| 942 ## - ADDED ENTRY ELEMENTS (KOHA) | |
| Source of classification or shelving scheme | Dewey Decimal Classification |
| Koha item type | FPS Books |
No items available.